书目信息 |
| 题名: |
宏观经济学
|
|
| 作者: | 张小蒂 著 | |
| 分册: | ||
| 出版信息: | 杭州 浙江大学出版社 1997.05 |
|
| 页数: | 372页 | |
| 开本: | 32开 | |
| 丛书名: | ||
| 单 册: | ||
| 中图分类: | F015 | |
| 科图分类: | ||
| 主题词: | 政治经济学--概论 | |
| 电子资源: | ||
| ISBN: | 7-308-01919-5 | |
| 000 | 00545nam0 2200193 45 | |
| 001 | 0010061697 | |
| 005 | 20001006161054.4 | |
| 010 | @a7-308-01919-5@d12.00元 | |
| 100 | @a20001006d1997 km y0chiy0120 ea | |
| 101 | 0 | @achi |
| 105 | @a z 000yy | |
| 200 | 1 | @a宏观经济学@AHong Guan Jing Ji Xue@f张小蒂等著@FZhang Xiao Di Deng Zhu |
| 210 | @a杭州@c浙江大学出版社@d1997.05 | |
| 215 | @a372页@d32开 | |
| 606 | 0 | @a政治经济学@x概论 |
| 690 | @aF015@v3 | |
| 701 | 0 | @a张小蒂@4著 |
| 801 | @aCN@bPftUser@c20001006 | |
| 905 | @b168425-429@dF015@eZH178@f5 | |
| 宏观经济学/张小蒂等著.-杭州:浙江大学出版社,1997.05 |
| 372页;32开 |
| ISBN 7-308-01919-5:12.00元 |
| ● |
| 相关链接 |
|
|
|
正题名:宏观经济学
索取号:F015/ZH178
 
预约/预借
| 序号 | 登录号 | 条形码 | 馆藏地/架位号 | 状态 | 备注 |
| 1 | 168425 | 201684258 | 社科库409/400B社科库 4排4列1层/ [索取号:F015/ZH178] | 在馆 | |
| 2 | 168426 | 201684267 | 社科库409/409社科库 63排1列1层/ [索取号:F015/ZH178] | 在馆 | |
| 3 | 168427 | 201684276 | 社科二线422/409社科库 63排1列1层/ [索取号:F015/ZH178] | 在馆 | |
| 4 | 168428 | 201684285 | 社科库409/400B社科库 1排2列3层/ [索取号:F015/ZH178] | 在馆 | |
| 5 | 168429 | 201684294 | 社科二线422/409社科库 63排1列1层/ [索取号:F015/ZH178] | 在馆 |